| 000 | 01064nam a2200277 c 4500 | ||
|---|---|---|---|
| 999 |
_c344151 _d344151 |
||
| 003 | BLK | ||
| 005 | 20221012113323.0 | ||
| 008 | 180911b bul|||||r ||||||| ||bul|| | ||
| 010 | _a003815 | ||
| 040 | _aBLK | ||
| 041 |
_aRUS _cBUL |
||
| 080 | _z881-14 | ||
| 100 | 1 |
_aПУТИЛОВ, Борис _eпърви автор _9399259 |
|
| 245 | 0 | 0 | _aСлавянская историческая баллада |
| 260 |
_aМосква _bНаука _c1965 _f1-я тип. изд. Наука |
||
| 300 |
_a176 с _c20 см |
||
| 380 | _a82 | ||
| 490 |
_aЧастна колекция - Академик Михаил Арнаудов _gДарение - Основен фонд |
||
| 500 | _aАвтограф с текст: Глубокоуважаемому академику Михаилу Арнаудову - автор ; Подчертавания и коментари по текста; | ||
| 655 |
_aлитература _9397252 |
||
| 700 | 1 |
_aБ. Н. Путилов _9399260 |
|
| 852 |
_aМА 2839 _bМА |
||
| 942 |
_cKNG _n0 _s1 |
||
| 944 |
_aCR _c1994 |
||
| 999 | _d344151 | ||
| 999 | _d344151 | ||